| 000 | 00813nam a2200253Ia 4500 | ||
|---|---|---|---|
| 001 | 17376 | ||
| 003 | DR-UNIBE | ||
| 005 | 20250512095639.0 | ||
| 008 | 250512b2013 dr ||||| |||| 00| 0 spa d | ||
| 020 | _a9789945165401 | ||
| 040 |
_aBIBLIOTECA UNIBE _cBIBLIOTECA UNIBE _erda |
||
| 041 | _aspa | ||
| 082 | 0 | _a347.066 C348s | |
| 100 |
_aCastellanos Estrella, Victor José _929257 _eautor |
||
| 245 | 1 | 3 |
_aLa sana crítica en la apreciación judicial del testimonio / _cVíctor José Castellanos Estrella |
| 260 | 4 |
_aSanto Domingo : _bEditorial Buho, _c2013 |
|
| 300 | 4 | _a100 páginas | |
| 490 | _aColección de ensayos | ||
| 504 | 4 | _aIncluye bibliografía | |
| 650 |
_aPrueba testifical _9100967 |
||
| 700 | 1 |
_aCruz, Guillermina _ediagramador _9147898 |
|
| 942 |
_cBK _2ddc |
||
| 951 | _a20061022 10:18:00 | ||
| 999 |
_c113596 _d113596 |
||